[Event "LTU-chT (Women)"]
[Site "Kaunas"]
[Date "2022.03.20"]
[Round "7.3"]
[White "Maciulaityte, Barbora"]
[Black "Braziunaite, Rasa"]
[Result "1-0"]
[WhiteElo "1559"]
[BlackElo "1583"]
[PlyCount "75"]
[EventDate "2022.03.11"]
[EventType "team-tourn"]
[EventRounds "7"]
[EventCountry "LTU"]
[SourceTitle "EXT 2023"]
[Source "ChessBase"]
[SourceDate "2022.10.05"]
[SourceVersion "1"]
[SourceVersionDate "2022.10.05"]
[SourceQuality "1"]
[WhiteTeam "Kaunas Margiris (W)"]
[BlackTeam "Panevezio (W)"]
[WhiteTeamCountry "LTU"]
[BlackTeamCountry "LTU"]

1. e4 d5 2. exd5 Qxd5 3. Nc3 Qa5 4. d4 c6 5. Bc4 Nf6 6. Bd2 Qb6 7. Nf3 Qxb2 8. Ne5 e6 9. Bb3 Qa3 10. Nc4 Qe7 11. 0-0 Qd8 12. Bf4 Be7 13. Qd3 0-0 14. Ne2 Na6 15. c3 Nc7 16. Bc2 g6 17. Ne5 Nh5 18. Bh6 Re8 19. Qf3 f5 20. g4 Ng7 21. gxf5 Nxf5 22. Bxf5 exf5 23. Qg2 Qd6 24. Nf4 Bf8 25. Bxf8 Kxf8 26. Rfe1 Qf6 27. Re3 Ne6 28. Nfd3 g5 29. Qh3 Kg7 30. Rg3 f4 31. Ng4 Qg6 32. Nde5 Qf5 33. Qh6+ Kh8 34. Rh3 Nf8 35. Nf6 Be6 36. Rh5 Qc2 37. Rxg5 Red8 38. Qg7# 1-0

[Event "LTU-chT (Women)"]
[Site "Kaunas"]
[Date "2022.03.12"]
[Round "2.2"]
[White "Idzeliene, Asta"]
[Black "Maciulaityte, Barbora"]
[Result "0-1"]
[WhiteElo "1583"]
[BlackElo "1559"]
[PlyCount "118"]
[EventDate "2022.03.11"]
[EventType "team-tourn"]
[EventRounds "7"]
[EventCountry "LTU"]
[SourceTitle "EXT 2023"]
[Source "ChessBase"]
[SourceDate "2022.10.05"]
[SourceVersion "1"]
[SourceVersionDate "2022.10.05"]
[SourceQuality "1"]
[WhiteTeam "Klaipeda Klaipedos (W)"]
[BlackTeam "Kaunas Margiris (W)"]
[WhiteTeamCountry "LTU"]
[BlackTeamCountry "LTU"]

1. e4 c5 2. f4 Nc6 3. Nf3 d6 4. Be2 g6 5. 0-0 Bg7 6. Nc3 e6 7. Rb1 Nge7 8. Qe1 0-0 9. b3 Nd4 10. Bd3 Nec6 11. Nxd4 Nxd4 12. Ne2 Bd7 13. c3 Nc6 14. Bb2 d5 15. exd5 exd5 16. Bc2 Re8 17. Qf2 Bg4 18. Rfe1 d4 19. Ng3 Qd7 20. Kh1 d3 21. Bd1 Rxe1+ 22. Qxe1 Re8 23. Qf2 Bxd1 24. Rxd1 Qe7 25. Qf3 Rd8 26. Ba3 f5 27. Qf2 b6 28. Re1 Qd7 29. Qe3 Kf7 30. Bc1 Re8 31. Qf2 Rxe1+ 32. Qxe1 Qe6 33. Qf1 Qd5 34. Qe1 Nd8 35. Bb2 Qd6 36. Kg1 Qxf4 37. Qf2 Bh6 38. Qxf4 Bxf4 39. Nf1 Nc6 40. Kf2 Ke6 41. Kf3 Bh6 42. h3 Ne5+ 43. Kf2 f4 44. c4 Bg7 45. Ke1 g5 46. Kd1 h5 47. Bc3 Kf5 48. Nh2 g4 49. hxg4+ hxg4 50. Ke1 Bh8 51. Nf1 Ng6 52. a3 Bxc3 53. dxc3 Ne5 54. Kd2 Ke4 55. Kd1 f3 56. gxf3+ Nxf3 57. a4 Ne5 58. Kd2 Kf3 59. b4 g3 0-1

[Event "LTU-ch (Women)"]
[Site "Vilnius"]
[Date "2021.10.25"]
[Round "6"]
[White "Rauckyte, Kamile"]
[Black "Maciulaityte, Barbora"]
[Result "1/2-1/2"]
[WhiteElo "1398"]
[BlackElo "1508"]
[PlyCount "95"]
[EventDate "2021.10.22"]
[EventType "swiss"]
[EventRounds "7"]
[EventCountry "LTU"]
[SourceTitle "CBM 204 Extra"]
[Source "ChessBase"]
[SourceDate "2021.11.30"]
[SourceVersion "1"]
[SourceVersionDate "2021.11.30"]
[SourceQuality "1"]

1. d4 d5 2. Nf3 Nf6 3. c4 g6 4. e3 Bg7 5. Nc3 0-0 6. Be2 c5 7. dxc5 Qa5 8. 0-0 dxc4 9. Bxc4 Qxc5 10. Qb3 Nc6 11. Na4 Qa5 12. Bd2 Qc7 13. h3 Ne4 14. Rac1 Nxd2 15. Nxd2 Qa5 16. Nc3 e6 17. Nf3 a6 18. Rfd1 Rd8 19. Be2 Rxd1+ 20. Rxd1 Qc7 21. Qc2 Bd7 22. Ne4 Rd8 23. Nd4 e5 24. Nf3 Be6 25. Rxd8+ Qxd8 26. a3 Qb6 27. Nc5 Bf5 28. e4 Bc8 29. Nb3 Be6 30. Bc4 Bxc4 31. Qxc4 h6 32. Kh2 Qxf2 33. Qc1 Qb6 34. Nc5 Nd4 35. Nd3 Nxf3+ 36. gxf3 Qb3 37. Qc3 Qxc3 38. bxc3 Kf8 39. Nc5 b6 40. Nxa6 Ke7 41. Kg2 Kd7 42. Kf2 Kc6 43. Ke2 Bf8 44. Nb4+ Kb5 45. Kd3 Bxb4 46. axb4 g5 47. Kc2 Kc4 48. Kd2 1/2-1/2

[Event "LTU-ch (Women)"]
[Site "Vilnius"]
[Date "2021.10.24"]
[Round "5"]
[White "Maciulaityte, Barbora"]
[Black "Sukyte, Kotryna"]
[Result "1/2-1/2"]
[WhiteElo "1508"]
[BlackElo "1422"]
[PlyCount "102"]
[EventDate "2021.10.22"]
[EventType "swiss"]
[EventRounds "7"]
[EventCountry "LTU"]
[SourceTitle "CBM 204 Extra"]
[Source "ChessBase"]
[SourceDate "2021.11.30"]
[SourceVersion "1"]
[SourceVersionDate "2021.11.30"]
[SourceQuality "1"]

1. e4 Nf6 2. e5 Nd5 3. d4 d6 4. Nf3 g6 5. Bc4 Nb6 6. Bb3 Bg7 7. 0-0 0-0 8. h3 dxe5 9. dxe5 Qxd1 10. Rxd1 Nc6 11. Bf4 Na5 12. Nc3 Nxb3 13. axb3 Be6 14. Nb5 a6 15. Nxc7 Rac8 16. Nxe6 fxe6 17. Bg5 Rxc2 18. Bxe7 Re8 19. Ba3 Re2 20. Re1 Rxe1+ 21. Rxe1 Nd5 22. Rc1 Bh6 23. Rc2 Bg7 24. Bd6 h6 25. Nd2 Ra8 26. Ne4 b6 27. Rc6 Kh8 28. Nc3 Nf4 29. Rxb6 Nd3 30. Ba3 Nxe5 31. Rxe6 g5 32. Kf1 a5 33. Ke2 Kh7 34. Ke3 Ng6 35. g3 Rb8 36. Ra6 Rxb3 37. Rxa5 Ne5 38. Rc5 Kg6 39. Ke4 Nd7 40. Rb5 Rxb5 41. Nxb5 Nf6+ 42. Kd3 Kf5 43. Nd4+ Ke5 44. b4 Bf8 45. Bb2 Kd5 46. b5 Ne4 47. Ke3 Bc5 48. g4 Bb6 49. f3 Nd6 50. Kd3 Nc4 51. Bc3 Ne5+ 1/2-1/2

[Event "LTU-ch (Women)"]
[Site "Vilnius"]
[Date "2020.11.20"]
[Round "1"]
[White "Baginskaite, Camilla"]
[Black "Maciulaityte, Barbora"]
[Result "1-0"]
[WhiteElo "2141"]
[BlackElo "1696"]
[PlyCount "87"]
[EventDate "2020.11.20"]
[EventType "swiss"]
[EventRounds "6"]
[EventCountry "LTU"]
[SourceTitle "CBM 199 Extra"]
[Source "ChessBase"]
[SourceDate "2021.01.31"]
[SourceVersion "1"]
[SourceVersionDate "2021.01.31"]
[SourceQuality "1"]

1. d4 d5 2. c4 e6 3. Nc3 a6 4. cxd5 exd5 5. Bf4 Nf6 6. e3 Bd6 7. Bg5 c6 8. Bd3 0-0 9. Qc2 h6 10. Bh4 Be6 11. Nge2 Nbd7 12. h3 Qc7 13. f4 c5 14. dxc5 Nxc5 15. Bxf6 gxf6 16. 0-0 Nxd3 17. Qxd3 Qc4 18. Rad1 Qxd3 19. Rxd3 Bc5 20. f5 Bd7 21. g4 Bc6 22. Nf4 Bxe3+ 23. Rxe3 d4 24. Re7 dxc3 25. bxc3 Rfe8 26. Rfe1 Kf8 27. Rxe8+ Rxe8 28. Rxe8+ Kxe8 29. Kf2 Ke7 30. Ke3 Kd6 31. Kd4 Bf3 32. Nh5 Bg2 33. Nf4 Bf3 34. a3 Bc6 35. c4 b6 36. Nh5 Bg2 37. Nf4 Bc6 38. Nh5 Bg2 39. h4 Ke7 40. Nf4 Bf3 41. Nd5+ Bxd5 42. Kxd5 Kd7 43. c5 bxc5 44. Kxc5 1-0

[Event "LTU-ch Amateurs"]
[Site "Kaunas"]
[Date "2020.08.29"]
[Round "5"]
[White "Maciulaityte, Barbora"]
[Black "Sarauskas, Andrius"]
[Result "0-1"]
[WhiteElo "1699"]
[BlackElo "1919"]
[PlyCount "58"]
[EventDate "2020.08.27"]
[EventType "swiss"]
[EventRounds "7"]
[EventCountry "LTU"]
[SourceTitle "EXT 2022"]
[Source "ChessBase"]
[SourceDate "2021.10.06"]
[SourceVersion "1"]
[SourceVersionDate "2021.10.06"]
[SourceQuality "1"]

1. e4 c6 2. d4 d5 3. exd5 cxd5 4. Bd3 Nc6 5. c3 Qc7 6. h3 Nf6 7. Nf3 g6 8. 0-0 Bf5 9. Be2 Bg7 10. Nbd2 0-0 11. Nh4 Bd7 12. f4 a6 13. Qe1 Na7 14. a4 e6 15. Qg3 Nc8 16. Qh2 Nd6 17. Bd3 b5 18. a5 b4 19. cxb4 Rfb8 20. Nhf3 Rxb4 21. b3 Nfe4 22. Ba3 Rxd4 23. Rac1 Qa7 24. Nxd4 Qxd4+ 25. Kh1 Qxd3 26. Nxe4 Nxe4 27. Rf3 Qd2 28. g3 Qxa5 29. Bb2 Nd2 0-1

[Event "Wch U16 Girls"]
[Site "Mumbai"]
[Date "2019.10.02"]
[Round "1"]
[White "Mahdian, Anousha"]
[Black "Maciulaityte, Barbora"]
[Result "1-0"]
[WhiteElo "2103"]
[BlackElo "1682"]
[PlyCount "87"]
[EventDate "2019.10.02"]
[EventType "swiss"]
[EventRounds "11"]
[EventCountry "IND"]
[SourceTitle "EXT 2020"]
[Source "ChessBase"]
[SourceDate "2019.10.17"]
[SourceVersion "1"]
[SourceVersionDate "2019.10.17"]
[SourceQuality "1"]

1. d4 Nf6 2. c4 g6 3. Nc3 d5 4. Nf3 Bg7 5. h4 c6 6. Bg5 Be6 7. cxd5 Nxd5 8. e4 Nxc3 9. bxc3 Qa5 10. Bd2 Bg4 11. Qb3 Qb6 12. Bc4 Qxb3 13. axb3 Bxf3 14. gxf3 h5 15. f4 Nd7 16. b4 a6 17. Ra5 Nb6 18. Be2 0-0-0 19. f5 Rhg8 20. fxg6 fxg6 21. Rg1 Bf6 22. Bg5 Rdf8 23. Rg2 Kd7 24. Kd2 Kc8 25. Kd3 Rd8 26. f4 Rdf8 27. Bxf6 exf6 28. c4 Nd7 29. Ra1 g5 30. fxg5 fxg5 31. hxg5 h4 32. Rh1 Rh8 33. Rgh2 Rfg8 34. Rxh4 Rxh4 35. Rxh4 Rxg5 36. Bg4 Rg7 37. Bf5 Kc7 38. Bxd7 Kxd7 39. d5 cxd5 40. cxd5 Kd6 41. Kd4 Rg6 42. Rh7 Rg5 43. e5+ Rxe5 44. Rh6+ 1-0

[Event "EU-ch U16 Girls"]
[Site "Bratislava"]
[Date "2019.08.07"]
[Round "6"]
[White "Maciulaityte, Barbora"]
[Black "Villanyi, Alexia"]
[Result "1-0"]
[WhiteElo "1709"]
[BlackElo "1762"]
[PlyCount "109"]
[EventDate "2019.08.02"]
[EventType "swiss"]
[EventRounds "9"]
[EventCountry "SVK"]
[SourceTitle "CBM 191 Extra"]
[Source "ChessBase"]
[SourceDate "2019.09.30"]
[SourceVersion "1"]
[SourceVersionDate "2019.09.30"]
[SourceQuality "1"]

1. e4 c5 2. Nf3 Nc6 3. d4 cxd4 4. Nxd4 g6 5. Nc3 Bg7 6. Be3 Nf6 7. Nxc6 dxc6 8. Qxd8+ Kxd8 9. 0-0-0+ Ke8 10. Be2 Be6 11. f3 Nd7 12. Bd4 f6 13. f4 h5 14. Bd3 b5 15. Be3 a5 16. Ne2 Nb8 17. Nd4 Bd7 18. Rd2 Kf7 19. Nb3 Rc8 20. Nc5 Be6 21. f5 gxf5 22. exf5 Bd5 23. Bxb5 Bxg2 24. Bc4+ Bd5 25. Bxd5+ cxd5 26. Rxd5 Na6 27. Nxa6 Rxa6 28. Re1 Rac6 29. c3 a4 30. Ra5 Rc4 31. Kd2 Rb8 32. Kd3 Rh4 33. Re2 Rd8+ 34. Kc2 Re4 35. Rd2 Rxd2+ 36. Bxd2 Re2 37. Kd3 Rxh2 38. Rxa4 h4 39. b4 h3 40. b5 Rf2 41. Bf4 h2 42. Bxh2 Rxh2 43. b6 Rh8 44. b7 Rb8 45. Rb4 e5 46. a4 Bf8 47. Rb5 Ke8 48. a5 Bc5 49. Rxc5 Rxb7 50. a6 Ra7 51. Rc6 Kf7 52. c4 Rd7+ 53. Ke3 Ke7 54. c5 Kf7 55. Rb6 1-0

[Event "EU-ch U16 Girls"]
[Site "Bratislava"]
[Date "2019.08.05"]
[Round "4"]
[White "Maciulaityte, Barbora"]
[Black "Kaygisiz, Ilayda"]
[Result "1/2-1/2"]
[WhiteElo "1709"]
[BlackElo "1851"]
[PlyCount "105"]
[EventDate "2019.08.02"]
[EventType "swiss"]
[EventRounds "9"]
[EventCountry "SVK"]
[SourceTitle "CBM 191 Extra"]
[Source "ChessBase"]
[SourceDate "2019.09.30"]
[SourceVersion "1"]
[SourceVersionDate "2019.09.30"]
[SourceQuality "1"]

1. e4 c5 2. Nf3 e6 3. d4 cxd4 4. Nxd4 a6 5. Nc3 Qc7 6. g3 b5 7. a3 Bb7 8. Bg2 b4 9. axb4 Bxb4 10. Bd2 Nf6 11. Qe2 d6 12. 0-0 0-0 13. Kh1 Nbd7 14. Nb3 Ne5 15. Ra4 a5 16. Rfa1 Ba6 17. Qe1 Nc4 18. e5 Nxe5 19. Nxa5 Bxa5 20. Rxa5 Bb7 21. Rxa8 Bxg2+ 22. Kxg2 Qb7+ 23. Ne4 Rxa8 24. Rxa8+ Qxa8 25. f3 Qc6 26. Nxf6+ gxf6 27. Qd1 Qd5 28. Qe2 Nxf3 29. Qxf3 Qxd2+ 30. Qf2 Qd5+ 31. Qf3 Qe5 32. c3 d5 33. Qf4 Qxf4 34. gxf4 f5 35. Kf3 f6 36. Ke3 e5 37. Kf3 Kf7 38. Ke3 Ke6 39. Kd2 Kd6 40. Kd3 Kc5 41. b3 Kb5 42. Kd2 e4 43. Ke2 Kc6 44. Kd2 Kb5 45. Ke2 Kc5 46. Kd2 h6 47. h3 h5 48. h4 d4 49. c4 Kb4 50. Kc2 Kc5 51. Kd2 e3+ 52. Ke2 Kb4 53. Kd3 1/2-1/2

[Event "EU-ch U16 Girls"]
[Site "Bratislava"]
[Date "2019.08.03"]
[Round "2"]
[White "Maciulaityte, Barbora"]
[Black "Mkrtchyan, Mariam"]
[Result "0-1"]
[WhiteElo "1709"]
[BlackElo "2038"]
[PlyCount "83"]
[EventDate "2019.08.02"]
[EventType "swiss"]
[EventRounds "9"]
[EventCountry "SVK"]
[SourceTitle "CBM 191 Extra"]
[Source "ChessBase"]
[SourceDate "2019.09.30"]
[SourceVersion "1"]
[SourceVersionDate "2019.09.30"]
[SourceQuality "1"]

1. e4 c6 2. d4 d5 3. e5 Bf5 4. Nf3 e6 5. Be2 Nd7 6. 0-0 Ne7 7. a4 h6 8. a5 a6 9. b4 g5 10. h3 Bg7 11. Nbd2 0-0 12. Nb3 f6 13. exf6 Bxf6 14. Bb2 Ng6 15. Bd3 Qc7 16. Re1 Rae8 17. Qd2 Kg7 18. Rab1 Bxd3 19. Qxd3 h5 20. Bc1 g4 21. Ng5 Bxg5 22. Bxg5 Nf4 23. Qg3 Rf5 24. Bxf4 Qxf4 25. Qxf4 Rxf4 26. hxg4 hxg4 27. Re3 e5 28. dxe5 Rxb4 29. e6 Nf6 30. Rd1 Ne4 31. f3 gxf3 32. gxf3 Ng5 33. Nd4 Kf6 34. c3 Rb2 35. f4 Nxe6 36. f5 Rg8+ 37. Kf1 Nxd4 38. cxd4 Kxf5 39. Re2 Rxe2 40. Kxe2 Ke4 41. Rb1 Rg2+ 42. Kf1 0-1

[Event "LTU-ch (Women)"]
[Site "Vilnius"]
[Date "2019.03.18"]
[Round "4"]
[White "Sukyte, Kotryna"]
[Black "Maciulaityte, Barbora"]
[Result "0-1"]
[WhiteElo "1354"]
[BlackElo "1765"]
[PlyCount "114"]
[EventDate "2019.03.15"]
[EventType "swiss"]
[EventRounds "7"]
[EventCountry "LTU"]
[SourceTitle "CBM 189 Extra"]
[Source "ChessBase"]
[SourceDate "2019.05.31"]
[SourceVersion "1"]
[SourceVersionDate "2019.05.31"]
[SourceQuality "1"]

1. e4 c5 2. Nf3 d6 3. d4 cxd4 4. Nxd4 Nf6 5. Nc3 g6 6. f4 Nc6 7. Nxc6 bxc6 8. e5 Nd7 9. exd6 exd6 10. Be2 Nf6 11. Be3 Bg7 12. 0-0 0-0 13. Bf3 d5 14. Bc5 Re8 15. Re1 Bf5 16. Rxe8+ Qxe8 17. Qd2 Qb8 18. Ba3 Qb6+ 19. Kh1 Re8 20. Na4 Qb5 21. Nc5 Ne4 22. Bxe4 Bxe4 23. Nxe4 Rxe4 24. c3 Qc4 25. Re1 Bh6 26. Qf2 Bxf4 27. Rxe4 Qxe4 28. Qxa7 Qb1+ 29. Qg1 Qxa2 30. Qe1 Kg7 31. g3 Bc7 32. Kg2 Qc4 33. Kf2 Bb6+ 34. Kg2 Qe4+ 35. Qxe4 dxe4 36. c4 Bd4 37. b4 Kf6 38. h3 Bc3 39. Kf2 Ke5 40. Ke3 f5 41. Ke2 Kd4 42. b5 cxb5 43. cxb5 Ba5 44. Bc1 Kc4 45. g4 Bb6 46. gxf5 gxf5 47. Bf4 Kxb5 48. Kd2 Kc4 49. Ke2 Bd4 50. Bg5 Kd5 51. Bf4 Be5 52. Be3 f4 53. Bg1 f3+ 54. Kf1 Kc4 55. Be3 Kd3 56. Bg1 Bd4 57. Bh2 e3 0-1

[Event "LTU-ch (Women)"]
[Site "Vilnius"]
[Date "2019.03.15"]
[Round "1"]
[White "Maciulaityte, Barbora"]
[Black "Paknyte, Elzbieta"]
[Result "1/2-1/2"]
[WhiteElo "1765"]
[BlackElo "1219"]
[PlyCount "120"]
[EventDate "2019.03.15"]
[EventType "swiss"]
[EventRounds "7"]
[EventCountry "LTU"]
[SourceTitle "CBM 189 Extra"]
[Source "ChessBase"]
[SourceDate "2019.05.31"]
[SourceVersion "1"]
[SourceVersionDate "2019.05.31"]
[SourceQuality "1"]

1. e4 c5 2. Nf3 d6 3. d4 cxd4 4. Nxd4 Nf6 5. Nc3 a6 6. h3 e6 7. g4 Qa5 8. Bg2 g6 9. 0-0 h5 10. g5 Nfd7 11. f4 Qb6 12. Kh1 Nc6 13. Nce2 Bg7 14. c3 0-0 15. f5 exf5 16. exf5 gxf5 17. Nxc6 bxc6 18. Qxd6 Ne5 19. Qd4 Qb5 20. Qd1 Be6 21. Nd4 Qb6 22. Qc2 Rac8 23. b3 c5 24. Nxf5 Bxf5 25. Rxf5 Qg6 26. Be4 Qe6 27. Ba3 Ng6 28. Raf1 Nh4 29. Bd5 Qe3 30. Bxf7+ Kh8 31. R5f4 Qxh3+ 32. Qh2 Qxh2+ 33. Kxh2 Be5 34. Kg3 Bxf4+ 35. Rxf4 Kg7 36. Kxh4 Rxf7 37. Rxf7+ Kxf7 38. Kxh5 c4 39. Bb4 Kg7 40. Bd6 Rh8+ 41. Kg4 Rc8 42. Kf5 Kg8 43. g6 cxb3 44. axb3 Rxc3 45. b4 Rc6 46. Be7 Kg7 47. Ke5 Rxg6 48. Kd5 Kf7 49. Bd8 Ke8 50. Ba5 Kd7 51. Kc5 Rc6+ 52. Kd5 Rc1 53. Bb6 Kc8 54. Be3 Rb1 55. Kc5 Kb7 56. Bd4 Rb3 57. Kc4 Rg3 58. Kc5 Rg5+ 59. Kd6 a5 60. bxa5 Rxa5 1/2-1/2

[Event "EU-ch U14 Girls 28th"]
[Site "Riga"]
[Date "2018.08.21"]
[Round "2"]
[White "Hlopkova, Jekaterina"]
[Black "Maciulaityte, Barbora"]
[Result "0-1"]
[WhiteElo "1243"]
[BlackElo "1673"]
[PlyCount "60"]
[EventDate "2018.08.20"]
[EventType "swiss"]
[EventRounds "9"]
[EventCountry "LAT"]
[SourceTitle "CBM 186 Extra"]
[Source "ChessBase"]
[SourceDate "2018.08.24"]
[SourceVersion "1"]
[SourceVersionDate "2018.08.24"]
[SourceQuality "1"]

1. c4 Nf6 2. Nc3 d5 3. cxd5 Nxd5 4. Nf3 g6 5. e3 Bg7 6. Bc4 Nb6 7. Qb3 Nxc4 8. Qxc4 0-0 9. 0-0 Nc6 10. d4 e6 11. Rd1 Qe7 12. d5 Ne5 13. Qe4 f5 14. Qf4 Nxf3+ 15. Qxf3 e5 16. Qe2 a6 17. Qc4 Kh8 18. Rb1 Rf6 19. b3 b5 20. Qe2 Bb7 21. Bb2 Rd8 22. a3 Rfd6 23. e4 fxe4 24. Qxe4 Qf7 25. Rbc1 Bxd5 26. Nxd5 Rxd5 27. Rxd5 Rxd5 28. g3 Rd2 29. Rb1 Qxf2+ 30. Kh1 Qxh2# 0-1

[Event "EU-ch U14 Girls 27th"]
[Site "Mamaia"]
[Date "2017.09.13"]
[Round "8"]
[White "Maciulaityte, Barbora"]
[Black "Dejanovic, Tereza"]
[Result "0-1"]
[WhiteElo "1730"]
[BlackElo "1808"]
[PlyCount "96"]
[EventDate "2017.09.05"]
[EventType "swiss"]
[EventRounds "9"]
[EventCountry "ROU"]
[SourceTitle "CBM 180 Extra"]
[Source "ChessBase"]
[SourceDate "2017.10.06"]
[SourceVersion "1"]
[SourceVersionDate "2017.10.06"]
[SourceQuality "1"]

1. e4 c5 2. Nf3 d6 3. d4 cxd4 4. Nxd4 Nf6 5. Nc3 a6 6. h3 e6 7. g4 Be7 8. g5 Nfd7 9. h4 b5 10. Bg2 Bb7 11. Be3 Nb6 12. Qd2 Nc4 13. 0-0-0 Nd7 14. f4 Nxe3 15. Qxe3 Nb6 16. f5 e5 17. Nb3 b4 18. Nd5 Bxd5 19. exd5 Rc8 20. Bh3 f6 21. gxf6 Bxf6 22. Qe2 Nc4 23. Nd4 Qa5 24. Kb1 Qxd5 25. Ne6 Qc6 26. Bg2 Qb6 27. Bd5 Ne3 28. Qh5+ Ke7 29. Ng5 Rcf8 30. Nf7 Nxd1 31. Nxh8 Nc3+ 32. bxc3 bxc3+ 33. Bb3 Rxh8 34. Qf7+ Kd8 35. Rd1 a5 36. a4 Qc7 37. Qd5 Rf8 38. Qe6 Be7 39. Qxe5 g6 40. fxg6 hxg6 41. Qg3 Qc5 42. Ka2 Rf6 43. Rd3 Qb4 44. Qh3 Rf5 45. Qg2 Kc7 46. Re3 d5 47. Qg3+ Kd8 48. Rxe7 Kxe7 0-1

[Event "EU-ch U14 Girls 27th"]
[Site "Mamaia"]
[Date "2017.09.07"]
[Round "3"]
[White "Maciulaityte, Barbora"]
[Black "Yurasova, Daria"]
[Result "1/2-1/2"]
[WhiteElo "1730"]
[BlackElo "1942"]
[PlyCount "100"]
[EventDate "2017.09.05"]
[EventType "swiss"]
[EventRounds "9"]
[EventCountry "ROU"]
[SourceTitle "CBM 180 Extra"]
[Source "ChessBase"]
[SourceDate "2017.10.06"]
[SourceVersion "1"]
[SourceVersionDate "2017.10.06"]
[SourceQuality "1"]

1. e4 e5 2. Nf3 Nc6 3. Bb5 a6 4. Ba4 Nf6 5. d3 d6 6. c3 g6 7. 0-0 Bg7 8. Re1 0-0 9. Nbd2 b5 10. Bc2 Bb7 11. Nf1 Re8 12. Ng3 Qd7 13. d4 Rad8 14. a4 h6 15. Bd3 exd4 16. cxd4 Nb4 17. axb5 Nxd3 18. Qxd3 Qxb5 19. Qc2 Nxe4 20. Nxe4 Qf5 21. Qxc7 Bxe4 22. Ra5 Bxf3 23. Qxd8 Rxd8 24. Rxf5 gxf5 25. gxf3 Bxd4 26. Rd1 Bc5 27. Rd5 Kh7 28. Rxf5 Re8 29. Kf1 Kg6 30. Rd5 Rb8 31. Rd3 a5 32. Ke2 Rb4 33. h3 h5 34. b3 Rb6 35. Bd2 Rb5 36. Bf4 f6 37. Bd2 Bb4 38. Bf4 d5 39. Be3 Ba3 40. Bd2 Bb2 41. Kd1 Kf5 42. Kc2 Be5 43. Be3 Ke6 44. f4 Bd6 45. Rd4 Bc7 46. Kc3 Kf5 47. Kc2 Ke6 48. Kc3 Bd8 49. Kc2 f5 50. Ra4 Bf6 1/2-1/2

[Event "Plunge op 37th"]
[Site "Plateliai"]
[Date "2017.07.24"]
[Round "8"]
[White "Maciulaityte, Barbora"]
[Black "Meskauskaite, Gabija"]
[Result "1-0"]
[WhiteElo "1649"]
[BlackElo "1229"]
[PlyCount "69"]
[EventDate "2017.07.17"]
[EventType "swiss"]
[EventRounds "9"]
[EventCountry "LTU"]
[SourceTitle "EXT 2019"]
[Source "ChessBase"]
[SourceDate "2018.10.10"]
[SourceVersion "1"]
[SourceVersionDate "2018.10.10"]
[SourceQuality "1"]

1. e4 e5 2. Nf3 Nc6 3. Bb5 g6 4. 0-0 Bg7 5. c3 Nge7 6. Re1 0-0 7. d4 d6 8. h3 a6 9. Ba4 b5 10. Bc2 Na5 11. d5 Re8 12. Nh2 h6 13. Qf3 c6 14. dxc6 Nexc6 15. Rd1 Nb7 16. Be3 Qe7 17. Ng4 h5 18. Nh2 Rf8 19. Qg3 Ncd8 20. Nd2 Ne6 21. a4 Bd7 22. Nhf3 Nbc5 23. a5 Bf6 24. Nb3 Bc6 25. Nxc5 Nxc5 26. Bxc5 dxc5 27. Rd2 Rfd8 28. Rad1 Rxd2 29. Rxd2 b4 30. cxb4 cxb4 31. Rd1 Qc7 32. Bb3 Rd8 33. Qxg6+ Kf8 34. Qh6+ Ke8 35. Ng5 1-0

[Event "Plunge op 37th"]
[Site "Plateliai"]
[Date "2017.07.22"]
[Round "6"]
[White "Maciulaityte, Barbora"]
[Black "Vainauskas, Haroldas"]
[Result "1-0"]
[WhiteElo "1649"]
[BlackElo "1315"]
[PlyCount "97"]
[EventDate "2017.07.17"]
[EventType "swiss"]
[EventRounds "9"]
[EventCountry "LTU"]
[SourceTitle "EXT 2019"]
[Source "ChessBase"]
[SourceDate "2018.10.10"]
[SourceVersion "1"]
[SourceVersionDate "2018.10.10"]
[SourceQuality "1"]

1. e4 e5 2. Nf3 Nc6 3. Bb5 f5 4. exf5 e4 5. Qe2 Qe7 6. Bxc6 dxc6 7. Nd4 Qe5 8. Ne6 Bxe6 9. fxe6 Nf6 10. 0-0 Qxe6 11. Nc3 Bb4 12. Re1 Bxc3 13. dxc3 0-0-0 14. Bg5 Rhe8 15. f3 Rd5 16. Bxf6 gxf6 17. fxe4 Re5 18. Qf2 Kb8 19. Qh4 Rxe4 20. Rxe4 Qxe4 21. Qxe4 Rxe4 22. Rd1 Kc8 23. Kf2 Re5 24. Rd4 Rd5 25. Kf3 Kd7 26. Kf4 Ke6 27. Re4+ Re5 28. Rxe5+ fxe5+ 29. Ke4 h6 30. g4 a5 31. h3 b6 32. h4 Kf6 33. g5+ hxg5 34. hxg5+ Kxg5 35. Kxe5 Kg4 36. Ke6 Kf3 37. Kd7 Ke2 38. Kxc6 Kd2 39. Kxc7 Kxc2 40. Kxb6 Kxb2 41. Kxa5 Kxc3 42. a4 Kc4 43. Kb6 Kd5 44. a5 Kd6 45. a6 Kd7 46. a7 Ke7 47. a8Q Kf7 48. Qe4 Kg8 49. Kc6 1-0